| 000 | 00492nam a2200145 a 4500 | ||
|---|---|---|---|
| 008 | 120416s0000 ||||||||||||||||| || u | ||
| 020 | _a0540004111 | ||
| 050 | _aVM 455 Pag | ||
| 100 | _aPage, R.C | ||
| 245 | 1 | 0 | _apetroleum tankship safety |
| 260 |
_aLondon _bThe Maritime P _c1971 |
||
| 300 | _a[viii], 223p. : ill | ||
| 350 | _a0.00 | ||
| 995 |
_D0.00 _FCBU-MAIN LIBRARY (Kitwe) _H1 _I1.50 _M1 _UAVAILABLE _ZAnnex Low-Usage Collection |
||
| 999 |
_c53457 _d53457 |
||